Environmentální dimenze globalizace světové ekonomiky

Vzťah procesu globalizácie a životného prostredia. Environmentálna história GATT/WTO. Ohrozenie životného prostredia z dôvodu globalizácie svetovej ekonomiky. Lokálne znečistenie životného prostredia. Znečistenie prekračujúce hranice štátu. Nevyhovujúca legislatíva.

Na minha lista:
Detalhes bibliográficos
Autor principal: Chlebik, Robert
Formato: Capítulo de Livro
Idioma:tcheco
Assuntos:
Tags: Adicionar Tag
Sem tags, seja o primeiro a adicionar uma tag!

MARC

LEADER 00000naa a2200000 4500
001 r046875
005 20231003115313.3
041 0 |a cze 
044 |a CZ 
245 1 0 |a Environmentální dimenze globalizace světové ekonomiky  |c Robert Chlebik 
520 |a Vzťah procesu globalizácie a životného prostredia. Environmentálna história GATT/WTO. Ohrozenie životného prostredia z dôvodu globalizácie svetovej ekonomiky. Lokálne znečistenie životného prostredia. Znečistenie prekračujúce hranice štátu. Nevyhovujúca legislatíva. 
610 2 0 |a prostredie životné 
610 2 0 |a environmentalistika 
610 2 0 |a ochrana prostredia životného 
610 2 0 |a globalizácia 
610 2 0 |a hospodárstvo svetové 
610 2 0 |a Svetová obchodná organizácia 
610 2 0 |a Všeobecná dohoda o clách a obchode 
100 1 |a Chlebik, Robert